000 00344nam a22001577a 4500
003 SGT
020 _a978-0-323-05714-1
082 _a612.84, A11L
100 _aLEVIN, LEONARD A.
245 _aADLERS PHYSIOLOGY OF THE EYE
250 _a1ST
260 _aELSEVIER
_bDELHI
_c2011
300 _a794
650 _a PHYSIOLOGY
942 _2ddc
_cBK
999 _c8668
_d8668